000 00404nam a2200157Ia 4500
008 151213s9999 xx 000 0 und d
100 _aJoseph E.Patlison
245 _aBanking Boundaries
_cJoseph E.Patlison
250 _a1st
260 _aU.S.A
_b Petersons\Pacestter Books
_c1996
300 _a2800 p.
650 _aEconomics
650 _aEconomics
700 _aJoseph E.Patlison
999 _c1910
_d1910